000
00212 a2200097 4500
001
35089
100
_a
Girja Kumar
245
_a
Theory of cataloguing
260
_a
ND
_b
Vibas Pub House
_c
090
_c
23235
_d
23235
942
_a
NUST-CAE
_c
M
_c
14709
999
_c
270162
_d
270162